[Event "2BLW 2122 SC Heimbach-Weis-Neuwied - SG"]
[Site "?"]
[Date "2022.06.18"]
[Round "7.2"]
[White "Polak, Tomas"]
[Black "Roseneck, Jonas"]
[Result "1-0"]
[WhiteElo "2509"]
[BlackElo "2392"]
[PlyCount "105"]
[EventDate "2022.??.??"]

1. Nf3 Nf6 2. c4 e6 3. Nc3 d5 4. e3 Be7 5. b3 O-O 6. Bb2 c5 7. cxd5 exd5 8. d4
Nc6 9. Be2 Ne4 10. dxc5 Bf6 11. Rc1 Qa5 12. Nd4 Nxc5 13. Nxc6 bxc6 14. O-O Ne6
15. Qc2 Bb7 16. Rfd1 Rfd8 17. Qf5 Qb4 18. g3 Qe7 19. Bf3 Ng5 20. Bg2 Bc8 21.
Qf4 Bh3 22. Na4 Bxb2 23. Nxb2 Bxg2 24. Kxg2 c5 25. Nd3 Rac8 26. Qf5 Ne6 27. Kg1
h6 28. h4 Rc7 29. Qe5 Qd6 30. Qh5 Qe7 31. Ne5 Rcc8 32. Qf3 d4 33. Nc6 Qb7 34.
Nxd4 Qxf3 35. Nxf3 Rxd1+ 36. Rxd1 c4 37. Rc1 c3 38. Ne5 a5 39. Kf1 a4 40. b4 a3
41. Ke2 f6 42. Nd3 Rc4 43. Kd1 Nc7 44. Kc2 Nb5 45. Kb3 Rc6 46. Nc5 f5 47. Na4
g5 48. hxg5 hxg5 49. Nxc3 Kf7 50. Rc2 Nc7 51. Kxa3 f4 52. gxf4 gxf4 53. Kb2 1-0

[Event "2BLW 2122 SC Heimbach-Weis-Neuwied - SG"]
[Site "?"]
[Date "2022.06.18"]
[Round "7.3"]
[White "Halvax, Georg"]
[Black "Winterberg, Lukas"]
[Result "1-0"]
[WhiteElo "2416"]
[BlackElo "2387"]
[PlyCount "77"]
[EventDate "2022.??.??"]

1. d4 Nf6 2. c4 e6 3. Nf3 d5 4. Nc3 Be7 5. Bf4 O-O 6. e3 Nbd7 7. c5 Ne4 8. Rc1
f5 9. h3 c6 10. Be2 b6 11. O-O g5 12. Bh2 Nxc3 13. Rxc3 b5 14. Ne5 Nxe5 15.
Bxe5 a5 16. f4 Bd7 17. fxg5 Bxg5 18. e4 Bf6 19. exf5 exf5 20. Rf4 Bxe5 21. dxe5
Qg5 22. Qd4 Be6 23. Kh2 Kh8 24. Rg3 Qe7 25. Bd3 Rf7 26. Bxf5 Raf8 27. Bxe6 Qxe6
28. Rxf7 Rxf7 29. Qh4 Re7 30. Qf4 Re8 31. Rg5 Rg8 32. g4 d4 33. Rxg8+ Kxg8 34.
Qxd4 h5 35. Qd8+ Kh7 36. Qf6 Qxa2 37. e6 Qd5 38. Qf7+ Kh6 39. Qxh5+ 1-0

[Event "2BLW 2122 SC Heimbach-Weis-Neuwied - SG"]
[Site "?"]
[Date "2022.06.18"]
[Round "7.4"]
[White "Schulz, Klaus-Juergen"]
[Black "Schlecht, Daniel"]
[Result "1-0"]
[WhiteElo "2330"]
[BlackElo "2385"]
[PlyCount "121"]
[EventDate "2022.??.??"]

1. d4 Nf6 2. c4 e6 3. g3 d5 4. Bg2 Bb4+ 5. Nd2 O-O 6. Ngf3 b6 7. O-O Bb7 8. Ne5
a5 9. Ndf3 Bd6 10. Be3 Na6 11. Qb3 c5 12. Rfd1 cxd4 13. Bxd4 Nc5 14. Qe3 Qe7
15. Qg5 h6 16. Qh4 Rac8 17. cxd5 Bxd5 18. Ng4 Nh7 19. Qxe7 Bxe7 20. Ne3 Be4 21.
Nc4 Rb8 22. Be5 Rb7 23. Nd6 Bxd6 24. Bxd6 Rc8 25. Rac1 Nf6 26. Ne5 Bxg2 27.
Kxg2 Nfe4 28. f3 Nxd6 29. Rxd6 Rcb8 30. Nc4 Kf8 31. b3 Nd7 32. Rcd1 Ke7 33. Rc6
Nf6 34. e4 Rd7 35. Rxd7+ Nxd7 36. Kf2 f6 37. Ke3 a4 38. bxa4 Ra8 39. Rc7 Ra6
40. Rb7 Kd8 41. a5 bxa5 42. Kd4 a4 43. f4 Kc8 44. Rb5 Kc7 45. Ra5 Rxa5 46. Nxa5
Kb6 47. Nc4+ Kc6 48. e5 f5 49. Nd6 Nc5 50. Ne8 g6 51. Nd6 a3 52. Kc4 g5 53. Nf7
Ne4 54. Nxh6 g4 55. Nf7 Nd2+ 56. Kd3 Nf3 57. Ng5 Nxh2 58. Nxe6 Nf1 59. Nd4+ Kd5
60. Nxf5 Nh2 61. Ne3+ 1-0

[Event "2BLW 2122 SC Heimbach-Weis-Neuwied - SG"]
[Site "?"]
[Date "2022.06.18"]
[Round "7.5"]
[White "Schaefer, Markus"]
[Black "Ronge, Tim"]
[Result "1/2-1/2"]
[WhiteElo "2360"]
[BlackElo "2245"]
[PlyCount "53"]
[EventDate "2022.??.??"]

1. e4 c5 2. Nf3 Nc6 3. d4 cxd4 4. Nxd4 Nf6 5. Nc3 e5 6. Ndb5 d6 7. Bg5 a6 8.
Na3 b5 9. Nd5 Be7 10. Nxe7 Qxe7 11. c4 b4 12. Nc2 Be6 13. f3 O-O 14. Be2 h6 15.
Bh4 a5 16. O-O g5 17. Bf2 a4 18. Qd2 Rab8 19. Rfd1 Rfd8 20. Bf1 Kg7 21. b3 Qb7
22. Rab1 axb3 23. axb3 Ne8 24. Ra1 Nc7 25. Ne1 Na6 26. Nd3 Nc5 27. Qb2 1/2-1/2

[Event "2BLW 2122 SC Heimbach-Weis-Neuwied - SG"]
[Site "?"]
[Date "2022.06.18"]
[Round "7.6"]
[White "Puth, Dieter"]
[Black "Berg, Michael"]
[Result "0-1"]
[WhiteElo "2207"]
[BlackElo "2290"]
[PlyCount "54"]
[EventDate "2022.??.??"]

1. d4 Nf6 2. Nf3 c5 3. d5 b5 4. c4 Bb7 5. Nfd2 bxc4 6. e4 e6 7. dxe6 dxe6 8.
Nc3 Be7 9. Bxc4 Nc6 10. O-O O-O 11. Nf3 Nd4 12. Be3 Rc8 13. b3 Qa5 14. Qd2 Kh8
15. Rfd1 Rfd8 16. Qb2 Ng4 17. Nxd4 cxd4 18. Bxd4 Rxd4 19. Rxd4 Qe5 20. Rd7
Qxh2+ 21. Kf1 Qh1+ 22. Ke2 Qxg2 23. Rf1 Bf6 24. Qd2 Bxe4 25. Nd1 Ne5 26. Ne3
Qf3+ 27. Ke1 Nxd7 0-1

[Event "2BLW 2122 SC Heimbach-Weis-Neuwied - SG"]
[Site "?"]
[Date "2022.06.18"]
[Round "7.7"]
[White "Michalczak, Thomas"]
[Black "Roos, Thomas"]
[Result "0-1"]
[WhiteElo "2258"]
[BlackElo "2164"]
[PlyCount "98"]
[EventDate "2022.??.??"]

1. e4 c5 2. Nf3 d6 3. d4 cxd4 4. Nxd4 Nf6 5. Nc3 Nc6 6. Bg5 e6 7. Qd2 Be7 8.
O-O-O O-O 9. f4 Nxd4 10. Qxd4 Qa5 11. Bc4 Bd7 12. e5 dxe5 13. fxe5 Bc6 14. Rhe1
Nd5 15. Bxe7 Nxe7 16. Bd3 Qc7 17. Re3 Rfd8 18. Qg4 Rac8 19. Rf1 Ng6 20. Qh5 Be8
21. g4 b5 22. g5 Rxd3 23. Rxd3 b4 24. Rh3 Nf8 25. g6 fxg6 26. Qh4 a5 27. Qf2
Bc6 28. Nd1 Be4 29. Ne3 h6 30. Re1 g5 31. Rg3 Ng6 32. Kb1 a4 33. b3 axb3 34.
axb3 Qa7 35. Rg4 Bxc2+ 36. Qxc2 Rxc2 37. Nxc2 Qf2 38. Rxb4 Nf4 39. Rb8+ Kf7 40.
b4 Nd5 41. b5 Nb4 42. Rc1 Nd3 43. Rd1 Qe2 44. Rxd3 Qxd3 45. b6 Qb5+ 46. Kc1
Qxe5 47. Rc8 Qxh2 48. Kb2 Qd6 49. Rc7+ Kg6 0-1

[Event "2BLW 2122 SC Heimbach-Weis-Neuwied - SG"]
[Site "?"]
[Date "2022.06.18"]
[Round "7.8"]
[White "Fink, Christian"]
[Black "Wickenfeld, Stefan"]
[Result "1/2-1/2"]
[WhiteElo "2135"]
[BlackElo "2181"]
[PlyCount "142"]
[EventDate "2022.??.??"]

1. e4 c5 2. Nf3 e6 3. Nc3 Nc6 4. d3 d5 5. g3 d4 6. Ne2 h5 7. h3 Nge7 8. Bg2 Ng6
9. Nf4 Nce7 10. Qe2 h4 11. Nxg6 Nxg6 12. e5 Be7 13. Bd2 Bd7 14. c3 Qb6 15. O-O
Bc6 16. cxd4 cxd4 17. b4 Rc8 18. Rac1 O-O 19. a3 Rfd8 20. g4 Qb5 21. Rc4 Bxf3
22. Bxf3 Nxe5 23. a4 Nxf3+ 24. Qxf3 Qd7 25. Rfc1 g5 26. Qe4 Bf6 27. b5 Rxc4 28.
Rxc4 Rc8 29. a5 a6 30. Rxc8+ Qxc8 31. bxa6 bxa6 32. Bb4 Kg7 33. Kg2 Qd8 34. Qc6
Qd5+ 35. Qxd5 exd5 36. Bd2 Bd8 37. Kf3 Kf6 38. Ke2 Ke6 39. Kd1 Kd6 40. Kc2 Kc5
41. Kb3 Kb5 42. Ka3 f6 43. Bb4 f5 44. f3 fxg4 45. fxg4 Bxa5 46. Be7 Bd2 47. Kb3
Be3 48. Ka3 a5 49. Kb3 a4+ 50. Kb2 Bd2 51. Kc2 Bf4 52. Kb2 Be3 53. Kc2 Kc6 54.
Kb2 Bf4 55. Ka2 Kd7 56. Bf6 Kd6 57. Bd8 Bc1 58. Kb1 Bd2 59. Kb2 Kd7 60. Bf6 Kc6
61. Be7 Bf4 62. Kc2 Kd7 63. Bf6 Ke6 64. Bd8 a3 65. Kb3 Bc1 66. Ka2 Kd7 67. Bf6
Kc6 68. Kb3 Kb5 69. Be7 Ka5 70. Bd6 Kb5 71. Be7 Ka5 1/2-1/2

[Event "2BLW 2122 SV 1920 Hofheim - SK Münster"]
[Site "?"]
[Date "2022.06.18"]
[Round "7.1"]
[White "Holtel, Jasper"]
[Black "Sumets, Andrey"]
[Result "0-1"]
[WhiteElo "2352"]
[BlackElo "2542"]
[PlyCount "84"]
[EventDate "2022.??.??"]

1. Nf3 d5 2. g3 Nf6 3. Bg2 e6 4. O-O Be7 5. b3 O-O 6. c4 b6 7. cxd5 exd5 8. d4
Bb7 9. Nc3 Na6 10. Bb2 c6 11. Ne5 Nc7 12. e3 Ne6 13. Rc1 Rc8 14. Kh1 Bd6 15. f4
c5 16. Qd3 a6 17. Rfd1 Qe7 18. dxc5 Nxc5 19. Qf5 Rcd8 20. Ng4 Nce4 21. Nxf6+
Nxf6 22. Na4 Ne4 23. Bxe4 g6 24. Bf6 Qe8 25. Qh3 Qxe4+ 26. Qg2 Qxe3 27. Bd4 Qe6
28. Nxb6 Rfe8 29. Kg1 Qg4 30. Re1 Ba3 31. Ra1 Re4 32. Qd2 h5 33. Na4 h4 34. Kg2
Rde8 35. Nc3 Bb4 36. Nxe4 dxe4 37. Qe3 Bxe1 38. Rxe1 Rc8 39. Rf1 Rc2+ 40. Rf2
h3+ 41. Kf1 Qd1+ 42. Qe1 Qd3+ 0-1

[Event "2BLW 2122 SV 1920 Hofheim - SK Münster"]
[Site "?"]
[Date "2022.06.18"]
[Round "7.2"]
[White "Ginsburg, Gennadi"]
[Black "Muschik, Benedikt"]
[Result "1-0"]
[WhiteElo "2395"]
[BlackElo "2341"]
[PlyCount "47"]
[EventDate "2022.??.??"]

1. d4 g6 2. e4 Bg7 3. Nc3 d6 4. h3 a6 5. a4 b6 6. f4 c5 7. d5 Nf6 8. Nf3 e6 9.
dxe6 Bxe6 10. g4 Qe7 11. Bg2 Ra7 12. O-O O-O 13. f5 Bc4 14. Re1 Nfd7 15. Bf4
Bxc3 16. Bxd6 Qf6 17. bxc3 Qxc3 18. Bxf8 Nxf8 19. Qd2 Qg7 20. e5 gxf5 21. gxf5
Rd7 22. Qf4 Bd5 23. Ra3 Bc6 24. e6 1-0

[Event "2BLW 2122 SV 1920 Hofheim - SK Münster"]
[Site "?"]
[Date "2022.06.18"]
[Round "7.3"]
[White "Wolter, Kai"]
[Black "Womacka, Mathias"]
[Result "0-1"]
[WhiteElo "2278"]
[BlackElo "2424"]
[PlyCount "152"]
[EventDate "2022.??.??"]

1. e4 c5 2. Nf3 d6 3. d4 cxd4 4. Nxd4 Nf6 5. Nc3 a6 6. Be2 e5 7. Nb3 Be7 8. O-O
O-O 9. Kh1 Nc6 10. a4 Be6 11. Be3 Rc8 12. Bf3 Nb4 13. a5 d5 14. Bb6 Qd7 15.
exd5 Nbxd5 16. Nxd5 Bxd5 17. Rc1 Rfe8 18. Re1 Bf8 19. Nd2 Bxf3 20. Nxf3 Qf5 21.
c4 e4 22. Qc2 Bb4 23. Re2 Bxa5 24. Nd4 Qh5 25. Bxa5 Qxa5 26. c5 Qb4 27. Qc4
Qxc4 28. Rxc4 g6 29. b4 Red8 30. h3 h5 31. Kh2 Kg7 32. Nb3 Rd3 33. Nd2 Re8 34.
Nxe4 Rb3 35. Nd2 Rxh3+ 36. Kxh3 Rxe2 37. Nb3 Ng4 38. f3 Ne5 39. Rd4 Nc6 40. Rd7
Re7 41. Rxe7 Nxe7 42. Na5 Nc6 43. Nxb7 Nxb4 44. Na5 Kf6 45. g4 Kg5 46. c6 Nd5
47. Nc4 hxg4+ 48. fxg4 Kf4 49. Nd6 a5 50. Nb5 Ne7 51. c7 Nc8 52. Kh4 a4 53. g5
Kf5 54. Na3 Ke6 55. Kg4 Kd7 56. Kf4 Kxc7 57. Ke5 Nd6 58. Kf6 Kd7 59. Ke5 Ke7
60. Kd5 Ne8 61. Nc4 Nc7+ 62. Kc5 Ne6+ 63. Kb4 Nxg5 64. Kxa4 Ne6 65. Kb4 f5 66.
Kc3 g5 67. Kd3 Kf6 68. Ke3 g4 69. Nb6 Kg5 70. Nd5 Kh4 71. Ne7 f4+ 72. Ke4 Kg3
73. Nf5+ Kf2 74. Nh4 g3 75. Ke5 g2 76. Nxg2 Kxg2 0-1

[Event "2BLW 2122 SV 1920 Hofheim - SK Münster"]
[Site "?"]
[Date "2022.06.18"]
[Round "7.4"]
[White "Gurevich, Vladimir"]
[Black "Schmitzer, Klaus"]
[Result "1/2-1/2"]
[WhiteElo "2463"]
[BlackElo "2276"]
[PlyCount "39"]
[EventDate "2022.??.??"]

1. e4 c6 2. d4 d5 3. Nc3 dxe4 4. Nxe4 Nf6 5. Nxf6+ exf6 6. Bc4 Bd6 7. Qe2+ Qe7
8. Qxe7+ Kxe7 9. Ne2 Bf5 10. Bb3 a5 11. a4 Be6 12. Bxe6 fxe6 13. Bf4 Rd8 14.
O-O-O Na6 15. h4 Nb4 16. Rhe1 Kf7 17. Bxd6 Rxd6 18. Nf4 Rad8 19. c3 Na6 20. Ne2
1/2-1/2

[Event "2BLW 2122 SV 1920 Hofheim - SK Münster"]
[Site "?"]
[Date "2022.06.18"]
[Round "7.5"]
[White "Chilla, Jan Eric"]
[Black "Zude, Arno"]
[Result "1/2-1/2"]
[WhiteElo "2242"]
[BlackElo "2381"]
[PlyCount "62"]
[EventDate "2022.??.??"]

1. Nf3 Nf6 2. g3 d5 3. Bg2 c6 4. O-O Bg4 5. d4 e6 6. Nbd2 Nbd7 7. Re1 Be7 8. e4
dxe4 9. Nxe4 Nxe4 10. Rxe4 Nf6 11. Re1 O-O 12. c3 Qb6 13. Qb3 Bxf3 14. Bxf3
Rfd8 15. Bg5 h6 16. Bxf6 Bxf6 17. Rad1 Rd6 18. Kg2 g6 19. Be4 Kg7 20. Bc2 Qc7
21. Qc4 Rad8 22. Qe2 b6 23. h4 h5 24. Qe4 c5 25. dxc5 Qxc5 26. Rxd6 Rxd6 27.
Rd1 Rxd1 28. Bxd1 Qd6 29. Bf3 Qd2 30. Qe2 Qxe2 31. Bxe2 Be5 1/2-1/2

[Event "2BLW 2122 SV 1920 Hofheim - SK Münster"]
[Site "?"]
[Date "2022.06.18"]
[Round "7.6"]
[White "Zude, Erik"]
[Black "Wilde, Pierre"]
[Result "1-0"]
[WhiteElo "2380"]
[BlackElo "2262"]
[PlyCount "41"]
[EventDate "2022.??.??"]

1. d4 e6 2. e4 d5 3. exd5 exd5 4. Nf3 Nc6 5. Bb5 Nge7 6. O-O a6 7. Be2 Bg4 8.
h3 Bh5 9. Re1 Qd6 10. c3 f6 11. Nbd2 Bf7 12. b4 O-O-O 13. Nb3 Nb8 14. Nc5 Nd7
15. Bd3 g6 16. Nd2 Bh6 17. Ndb3 Bxc1 18. Na5 Nxc5 19. bxc5 Qd7 20. Qb3 b5 21.
cxb6 1-0

[Event "2BLW 2122 SV 1920 Hofheim - SK Münster"]
[Site "?"]
[Date "2022.06.18"]
[Round "7.7"]
[White "Kamp, Christoph"]
[Black "Weber, Ulrich"]
[Result "0-1"]
[WhiteElo "2250"]
[BlackElo "2338"]
[PlyCount "110"]
[EventDate "2022.??.??"]

1. c4 g6 2. Nc3 Bg7 3. d4 d6 4. e4 Nf6 5. Be2 O-O 6. Nf3 e5 7. O-O Nc6 8. d5
Ne7 9. Ne1 Nd7 10. Nd3 f5 11. Bd2 Kh8 12. f3 f4 13. b4 g5 14. a4 Nf6 15. h3 h5
16. a5 Rf7 17. c5 Bf8 18. cxd6 cxd6 19. Nf2 Rg7 20. Nb5 Neg8 21. Ra3 Nh6 22.
Rc3 g4 23. fxg4 hxg4 24. hxg4 Nhxg4 25. Rh3+ Kg8 26. Nxg4 Nxg4 27. Rh1 a6 28.
Nc3 b5 29. Rf3 Qc7 30. Qe1 Qa7+ 31. Kf1 Be7 32. Rfh3 Bd7 33. Bf3 Rc8 34. Rh8+
Kf7 35. Rxc8 Bxc8 36. Nd1 Qd4 37. Qe2 Qa1 38. Rh5 Bd7 39. Qd3 Nf6 40. Rh2 Bg4
41. Be1 Qa2 42. Nf2 Bd7 43. Qe2 Qb1 44. Qd1 Qxd1 45. Bxd1 Rg8 46. Bf3 Rc8 47.
Ke2 Kg7 48. Kd3 Rc4 49. Bc3 Be8 50. Rh1 Bg6 51. Kd2 Bxe4 52. Bxe4 Nxe4+ 53.
Nxe4 Rxe4 54. Rh3 Bf6 55. Kd3 Rc4 0-1

[Event "2BLW 2122 SV 1920 Hofheim - SK Münster"]
[Site "?"]
[Date "2022.06.18"]
[Round "7.8"]
[White "Fish, Jonathan M"]
[Black "Kamp, Adrian"]
[Result "1-0"]
[WhiteElo "2113"]
[BlackElo "1969"]
[PlyCount "81"]
[EventDate "2022.??.??"]

1. e4 c5 2. Nf3 Nc6 3. d4 cxd4 4. Nxd4 Nf6 5. Nc3 e5 6. Ndb5 d6 7. Bg5 a6 8.
Na3 b5 9. Nd5 Be7 10. Nxe7 Nxe7 11. Bxf6 gxf6 12. Qf3 f5 13. exf5 Bxf5 14. Rd1
Rc8 15. Bd3 Bxd3 16. Qxd3 Qa5+ 17. c3 d5 18. O-O f6 19. Qh3 Kf7 20. f4 Qb6+ 21.
Kh1 e4 22. Qh5+ Kg7 23. f5 Qe3 24. Nc2 Qh6 25. Qe2 Rhd8 26. Qf2 Rd7 27. Nd4 Kf7
28. a4 bxa4 29. Ra1 Rc4 30. Nc2 Rb7 31. Ne3 Rxb2 32. Qe1 Rc6 33. Rxa4 Rb3 34.
Nxd5 Nxd5 35. Qd1 Rbxc3 36. Qxd5+ Kg7 37. Rxe4 Qh5 38. Re7+ Kh6 39. Qg8 Qxf5
40. Qg7+ Kh5 41. Rxf5+ 1-0

[Event "2BLW 2122 SF Neuberg - SG Bochum"]
[Site "?"]
[Date "2022.06.18"]
[Round "7.1"]
[White "Kotainy, Jens"]
[Black "Lubbe, Nikolas"]
[Result "0-1"]
[WhiteElo "2445"]
[BlackElo "2454"]
[PlyCount "138"]
[EventDate "2022.??.??"]

1. d4 Nf6 2. Bf4 d6 3. e3 g6 4. Nc3 Nbd7 5. Nf3 Nh5 6. Bg5 h6 7. Bh4 g5 8. Nd2
Ndf6 9. Be2 gxh4 10. Bxh5 Nxh5 11. Qxh5 Rg8 12. O-O-O Rxg2 13. Rhg1 h3 14. Rxg2
hxg2 15. Qf3 Qd7 16. Qxg2 Qh3 17. Qh1 c6 18. Rg1 Qf5 19. f4 Bd7 20. Qf3 d5 21.
Nf1 O-O-O 22. Ng3 Qe6 23. Nd1 c5 24. Qh5 cxd4 25. exd4 Qf6 26. Qe5 Qc6 27. f5
e6 28. Qf6 Bd6 29. fxe6 fxe6 30. Qxh6 Qa4 31. Ne2 Qxa2 32. Nf4 Qa1+ 33. Kd2 Qa6
34. Nd3 e5 35. Rg6 Bf5 36. Rxd6 Qxd6 37. Qg5 Bxd3 38. cxd3 exd4 39. Qg4+ Kb8
40. Qxd4 Qxh2+ 41. Kc1 Qh6+ 42. Kb1 Qh8 43. Qf4+ Ka8 44. Nc3 d4 45. Ne4 Qh5 46.
Qf6 Qd1+ 47. Ka2 Qa4+ 48. Kb1 Rg8 49. Qf1 Qc6 50. Qf2 Rd8 51. Nd2 Qh1+ 52. Ka2
Qd1 53. Qf6 Qa4+ 54. Kb1 Rc8 55. Qf5 Rh8 56. Qf3 Qc6 57. Ne4 a6 58. Qg2 Qh6 59.
Qc2 Qe6 60. Qg2 Qh3 61. Qc2 Rc8 62. Qb3 Qf1+ 63. Ka2 Rc1 64. Ka3 Ra1+ 65. Kb4
Qf8+ 66. Nc5 a5+ 67. Kb5 Qe8+ 68. Kc4 Rc1+ 69. Kxd4 Qh8+ 0-1

[Event "2BLW 2122 SF Neuberg - SG Bochum"]
[Site "?"]
[Date "2022.06.18"]
[Round "7.2"]
[White "Lubbe, Melanie"]
[Black "Hendriks, Willy"]
[Result "1/2-1/2"]
[WhiteElo "2354"]
[BlackElo "2441"]
[PlyCount "93"]
[EventDate "2022.??.??"]

1. e4 c5 2. Nf3 Nc6 3. d4 cxd4 4. Nxd4 e5 5. Nb5 d6 6. N1c3 a6 7. Na3 Be6 8.
Nd5 Bxd5 9. exd5 Nce7 10. c4 Nf6 11. Be2 g6 12. O-O Bg7 13. b4 O-O 14. Bb2 a5
15. bxa5 Ne4 16. Qc2 Nc5 17. Bc3 Nf5 18. Nb5 Nd4 19. Qd1 Nxb5 20. cxb5 Rxa5 21.
Bxa5 Qxa5 22. Qc2 e4 23. Rab1 f5 24. b6 Ra8 25. Bc4 Rc8 26. Rb5 Qa8 27. Qd2 Qa4
28. Rc1 Qa3 29. Bf1 Re8 30. Rc2 e3 31. fxe3 Ne4 32. Qd3 Qa4 33. Qc4 Qxc4 34.
Bxc4 Bh6 35. g3 Bxe3+ 36. Kg2 Ra8 37. Rb3 Bc5 38. Kf3 Kf7 39. h4 Kf6 40. g4 Ke5
41. gxf5 gxf5 42. Rg2 Ra4 43. Bb5 Rd4 44. Rd3 Rb4 45. Rb3 Rd4 46. Rd3 Rb4 47.
Rb3 1/2-1/2

[Event "2BLW 2122 SF Neuberg - SG Bochum"]
[Site "?"]
[Date "2022.06.18"]
[Round "7.3"]
[White "Hengelbrock, Joachim"]
[Black "Bethke, Richard"]
[Result "0-1"]
[WhiteElo "2287"]
[BlackElo "2366"]
[PlyCount "78"]
[EventDate "2022.??.??"]

1. c4 e6 2. Nf3 f5 3. g3 Nf6 4. Bg2 d5 5. O-O Bd6 6. Nc3 O-O 7. d3 dxc4 8. dxc4
Nc6 9. Nb5 e5 10. Nxd6 cxd6 11. b3 Qe7 12. Ba3 Rd8 13. Ne1 Be6 14. Nc2 Rd7 15.
Ne3 Qf7 16. Bb2 d5 17. Qb1 d4 18. Nc2 Rad8 19. Qe1 Qh5 20. f3 a5 21. Rd1 Qg6
22. Bh3 Kf7 23. Qf2 Nh5 24. Ne1 Nf4 25. Bg2 Nxg2 26. Qxg2 Kg8 27. Nd3 b6 28.
Kh1 a4 29. Qf2 Qf6 30. e3 e4 31. exd4 Nxd4 32. fxe4 fxe4 33. Qg2 Bf5 34. Nb4 e3
35. Rf4 g5 36. Nd5 Rxd5 37. cxd5 e2 38. Rdxd4 Qxd4 39. Qxe2 Be4+ 0-1

[Event "2BLW 2122 SF Neuberg - SG Bochum"]
[Site "?"]
[Date "2022.06.18"]
[Round "7.4"]
[White "Wahedi, Ahmad Siar"]
[Black "Backwinkel, Paul"]
[Result "1/2-1/2"]
[WhiteElo "2280"]
[BlackElo "2290"]
[PlyCount "89"]
[EventDate "2022.??.??"]

1. e4 e6 2. d4 d5 3. Nc3 Bb4 4. e5 b6 5. Bd2 Bf8 6. g3 Ba6 7. Bh3 c5 8. Nce2
cxd4 9. Nxd4 Ne7 10. Bb4 Nbc6 11. Bd6 Nxd4 12. Qxd4 Qd7 13. O-O-O Rc8 14. Qd2
Qa4 15. a3 Nc6 16. b3 Qa5 17. Qxa5 Nxa5 18. Bxf8 Kxf8 19. Kb2 Nc6 20. f4 g5 21.
Rd2 h5 22. Ne2 Bxe2 23. Rxe2 Nd4 24. Rd2 Nf5 25. Bf1 h4 26. gxh4 Rxh4 27. Rg1
Ke7 28. Bd3 Nh6 29. Rg3 Rf8 30. Re3 f5 31. exf6+ Rxf6 32. Ree2 Rh5 33. c4 Kd6
34. cxd5 exd5 35. Re5 Rh3 36. Ba6 Nf5 37. Bb7 Kc7 38. Bxd5 Nd4 39. Rf2 Rfh6 40.
Rd2 Rxh2 41. Bg2 R6h3 42. Re7+ Kb8 43. Re8+ Kc7 44. Re7+ Kb8 45. Re8+ 1/2-1/2

[Event "2BLW 2122 SF Neuberg - SG Bochum"]
[Site "?"]
[Date "2022.06.18"]
[Round "7.5"]
[White "Wuebker, Paul-Luca"]
[Black "Kuenstler, Christian"]
[Result "1/2-1/2"]
[WhiteElo "2140"]
[BlackElo "2272"]
[PlyCount "149"]
[EventDate "2022.??.??"]

1. d4 Nf6 2. c4 b6 3. Nf3 g6 4. Nc3 Bb7 5. Qc2 Bxf3 6. gxf3 Bg7 7. f4 c6 8. Bg2
O-O 9. e3 d5 10. Qe2 e6 11. O-O Nbd7 12. Rd1 Rc8 13. Rb1 Qe7 14. b4 dxc4 15.
Qxc4 b5 16. Qb3 Nb6 17. Bd2 Nfd5 18. Ne4 Nc4 19. Be1 a5 20. bxa5 Ra8 21. a4
Nxa5 22. Qc2 Nc4 23. Ra1 Ndxe3 24. fxe3 Nxe3 25. Qb3 Nxd1 26. Qxd1 Rfd8 27. Bf2
Qb4 28. axb5 Rxa1 29. Qxa1 cxb5 30. Qd1 Bxd4 31. Kh1 Kg7 32. Bh4 Ra8 33. Be1
Qb2 34. Nc3 Rd8 35. Bh4 Rd5 36. Be7 Rd7 37. Bc6 Rxe7 38. Qxd4+ e5 39. fxe5 Qc1+
40. Kg2 Qg5+ 41. Kf2 Qxe5 42. Nxb5 Qxd4+ 43. Nxd4 f5 44. Ne2 g5 45. h3 Kf6 46.
Bf3 Ra7 47. Kg1 Ra3 48. Kg2 Ra2 49. Kg1 Ra4 50. Ng3 g4 51. hxg4 fxg4 52. Bc6
Ra2 53. Bd7 Kg5 54. Ne4+ Kf4 55. Nf6 Kg3 56. Nh5+ Kh4 57. Nf6 Ra1+ 58. Kg2 Ra2+
59. Kg1 h5 60. Be8 Ra1+ 61. Kg2 Ra2+ 62. Kg1 Ra6 63. Nxh5 Re6 64. Ng7 Re5 65.
Bd7 Kg5 66. Ne6+ Kh4 67. Ng7 Ra5 68. Nf5+ Kg5 69. Ne3 Ra1+ 70. Nf1 Kf4 71. Bc6
g3 72. Bb7 Rb1 73. Bc6 g2 74. Bxg2 Rxf1+ 75. Bxf1 1/2-1/2

[Event "2BLW 2122 SF Neuberg - SG Bochum"]
[Site "?"]
[Date "2022.06.18"]
[Round "7.6"]
[White "Schaffer, Hendrik"]
[Black "Mazarov, Juergen"]
[Result "0-1"]
[WhiteElo "2246"]
[BlackElo "2125"]
[PlyCount "78"]
[EventDate "2022.??.??"]

1. d4 g6 2. c4 Bg7 3. e4 d6 4. Nf3 e5 5. Bg5 f6 6. Be3 Bh6 7. Qd2 Bxe3 8. Qxe3
Be6 9. Nc3 Nd7 10. h4 h5 11. d5 Bf7 12. Bd3 Nh6 13. O-O-O a6 14. Kb1 Qe7 15.
Qe2 O-O-O 16. Rc1 Kb8 17. Nd2 g5 18. hxg5 fxg5 19. b4 Bg6 20. Nb3 Rhf8 21. Na4
Rf4 22. c5 dxc5 23. Naxc5 Nxc5 24. Nxc5 Rd6 25. a3 g4 26. Rc2 Nf7 27. Ne6 Rxe6
28. dxe6 Ng5 29. Rhc1 c6 30. g3 Rf3 31. Rc4 Nxe6 32. Kb2 Nd4 33. Qd2 Qf7 34.
Qg5 Rxd3 35. Qxe5+ Kc8 36. Qf4 Qxf4 37. gxf4 Bxe4 38. Re1 Bd5 39. Rc3 Rd2+ 0-1

[Event "2BLW 2122 SF Neuberg - SG Bochum"]
[Site "?"]
[Date "2022.06.18"]
[Round "7.8"]
[White "Seifert, Christopher"]
[Black "Gluma, Christian"]
[Result "1-0"]
[WhiteElo "2317"]
[BlackElo "2014"]
[PlyCount "91"]
[EventDate "2022.??.??"]

1. c4 g6 2. g3 Bg7 3. Bg2 d6 4. Nc3 e5 5. d3 Nc6 6. e3 f5 7. Nge2 Nf6 8. Rb1 a5
9. a3 O-O 10. O-O Ne7 11. f4 c6 12. b4 axb4 13. axb4 Be6 14. Bd2 e4 15. Qc2 d5
16. c5 exd3 17. Qxd3 Ne4 18. Nd4 Bd7 19. Ra1 b6 20. Na4 Rxa4 21. Rxa4 bxc5 22.
Ne2 Qc7 23. Qc2 cxb4 24. Bxe4 fxe4 25. Bxb4 Re8 26. Nd4 Bxd4 27. exd4 Nf5 28.
Qc5 e3 29. Ra7 Qd8 30. Ba5 Qf6 31. Rxd7 e2 32. Re1 Qe6 33. Qa7 Qe3+ 34. Kg2
Nh4+ 35. Kh3 Qe6+ 36. g4 Nf5 37. Bd2 h5 38. Rh7 hxg4+ 39. Kg2 Qe4+ 40. Kf2 Ne7
41. Qd7 Kxh7 42. Qxe8 Kg7 43. Qd7 Qf3+ 44. Kg1 Kf7 45. f5 gxf5 46. Bg5 1-0

[Event "2BLW 2122 SC Hansa Dortmund - SC Heimba"]
[Site "?"]
[Date "2022.06.19"]
[Round "8.1"]
[White "Livaic, Leon"]
[Black "Klyuner, Vyacheslav"]
[Result "1-0"]
[WhiteElo "2569"]
[BlackElo "2443"]
[PlyCount "67"]
[EventDate "2022.??.??"]

1. e4 d6 2. d4 Nf6 3. Bd3 c5 4. c3 cxd4 5. cxd4 e5 6. d5 Be7 7. Nc3 O-O 8. h3
Nfd7 9. Nf3 Nc5 10. Bc2 a5 11. Be3 Nba6 12. a3 Bd7 13. O-O b5 14. Bxc5 Nxc5 15.
b4 Na6 16. Rb1 Rc8 17. Ne2 Qb6 18. Bd3 axb4 19. axb4 g6 20. Qb3 f5 21. exf5
gxf5 22. Nxe5 dxe5 23. d6+ Kg7 24. dxe7 Rf7 25. Ng3 Qd6 26. Rfe1 e4 27. Nh5+
Kg8 28. Re3 Be6 29. Rg3+ Qxg3 30. Qxe6 Qb8 31. Nf6+ Kg7 32. e8=Q Rxe8 33. Nxe8+
Kf8 34. Nd6 1-0

[Event "2BLW 2122 SC Hansa Dortmund - SC Heimba"]
[Site "?"]
[Date "2022.06.19"]
[Round "8.2"]
[White "Wegener, Olaf"]
[Black "Polak, Tomas"]
[Result "0-1"]
[WhiteElo "2417"]
[BlackElo "2509"]
[PlyCount "114"]
[EventDate "2022.??.??"]

1. e4 e5 2. Nf3 Nf6 3. Nxe5 d6 4. Nf3 Nxe4 5. Nc3 Nf6 6. d4 Be7 7. Bd3 O-O 8.
h3 Nc6 9. a3 Re8 10. O-O h6 11. Bf4 Bf8 12. Qd2 Be6 13. Bg3 Qd7 14. Bh4 Nd5 15.
Nd1 Bf5 16. Bc4 Be4 17. Ne1 Nce7 18. f3 Bh7 19. a4 c6 20. Bd3 Ng6 21. Bg3 Be7
22. c3 Qd8 23. Nc2 Bh4 24. Bh2 Qd7 25. g3 Bd8 26. c4 Nde7 27. Kg2 d5 28. c5 Bc7
29. Nde3 Nf8 30. a5 Bxd3 31. Qxd3 f5 32. Nd1 f4 33. g4 Neg6 34. Re1 Nh4+ 35.
Kh1 Ne6 36. Qf1 Ng5 37. Ra3 Rxe1 38. Nxe1 Qe7 39. Bg1 Nxh3 40. Bf2 Nxf2+ 41.
Nxf2 Re8 42. Ng2 Qf6 43. Qd1 Bd8 44. Qd2 Nxg2 45. Kxg2 Qh4 46. Qxf4 Re2 47. Qg3
Rxb2 48. a6 b5 49. cxb6 Qxg3+ 50. Kxg3 Bxb6 51. Nd3 Rc2 52. Kf4 Bxd4 53. Rb3
Kf7 54. Rb8 Rc3 55. Ne5+ Ke6 56. Re8+ Kd6 57. Ng6 Ra3 0-1